[Event "FRA-ch U12"]
[Site "Montlucon"]
[Date "2011.04.17"]
[Round "1"]
[White "O'Sullivan, Thomas"]
[Black "Chambon, Hugo"]
[Result "1-0"]
[WhiteElo "1814"]
[BlackElo "1560"]
[PlyCount "87"]
[EventDate "2011.04.17"]
[EventType "swiss"]
[EventRounds "9"]
[EventCountry "FRA"]
[SourceTitle "CBM 142 Extra"]
[Source "ChessBase"]
[SourceDate "2011.06.27"]
[SourceVersion "1"]
[SourceVersionDate "2011.06.27"]
[SourceQuality "1"]

1. d4 Nf6 2. c4 d6 3. Nc3 Bf5 4. Nf3 Nbd7 5. e3 g6 6. Be2 Bg7 7. Nh4 e6 8. Nxf5 exf5 9. 0-0 0-0 10. Bf3 c6 11. b4 a6 12. Rb1 Qc7 13. Qb3 Rfc8 14. a4 Rab8 15. Ba3 b5 16. Rfc1 Qb7 17. cxb5 axb5 18. axb5 d5 19. bxc6 Rxc6 20. Nxd5 Nxd5 21. Bxd5 Rxc1+ 22. Rxc1 Qa7 23. Bxf7+ Kh8 24. b5 Qa5 25. Rb1 Ra8 26. Bc5 Nxc5 27. dxc5 Qd2 28. Qd5 Qa5 29. g3 Rd8 30. Qc4 Qa8 31. c6 Qc8 32. b6 Rf8 33. c7 Qb7 34. Bd5 Qc8 35. b7 Qe8 36. b8Q Qe7 37. c8Q h6 38. Qxf8+ Qxf8 39. Qxf8+ Bxf8 40. Rb8 Kg7 41. Qd4+ Kh7 42. Rxf8 g5 43. Qf6 h5 44. Rh8# 1-0